000 00527nam a22001817a 4500
999 _c160437
_d160437
005 20190129155223.0
010 _aB-083479
020 _a8187385340
_c55.00
035 _aB-083479
037 _bRightway Publications
082 _aS
100 _aOwadally, Mohamad Yasin
245 _aTabut
_bthe heavenly ark and other stories
_cby Mohamad Yasin Owadally
260 _aNew Delhi
_bRightway Publications
300 _aviii, 95p.
_c18cm
942 _2ddc
_cEN
_hS
_mQWA